| 000 | 009790000a22002050004500 | ||
|---|---|---|---|
| 020 | _a8430116222 | ||
| 082 | 0 | 4 | _aG 232.908 D9231r |
| 100 | 1 | _aDunn, James D. G. (1939-) | |
| 245 | 1 | 0 | _aRedescubrir a Jesús de Nazaret : lo que la investigación sobre el Jesús histórico ha olvidado / James D. G. Dunn ; traducido por: Francisco J. Molina de la Torre |
| 260 | _aSalamanca : : Eds. Sígueme | ||
| 440 | 0 | _aBiblioteca de estudios bíblicos. Minor ; no. 10 | |
| 500 | _aIncluye notas bibliográficas | ||
| 505 | 0 | 0 | _aLA PRIMERA FE: ¿Cuándo se convirtió la fe en un factor en la tradición de Jesús? -- ANTES DE LOS EVANGELIOS: Lo que significaba recordar a Jesús en los primeros momentos -- EL JESÚS EMBLEMÁTICO: De la exégesis atomizada a los subrayados sistemáticos |
| 650 | 1 | 4 | _aJESUCRISTO - HISTORICIDAD \ FE |
| 001 | 10905 | ||
| 942 | _cBK | ||
| 999 |
_c40315 _d40315 |
||
| 336 |
_atexto _btxt _2rdacontent |
||
| 337 |
_2rdamedia _asin mediación _bn |
||
| 338 |
_2rdacarrier _avolumen _bnc |
||